Rock Bands by Alternate Letters - Statistics

General Stats
  • This quiz has been taken 218 times
  • The average score is 15 of 30
Answer Stats
Hint Answer % Correct
A_/D_ AC/DC
97%
L_D _E_P_L_N Led Zeppelin
97%
K_S_ Kiss
89%
D_F L_P_A_D Def Leppard
85%
M_T_L_I_A Metallica
85%
N_R_A_A Nirvana
78%
G_N_ N _O_E_ Guns n Roses
77%
B_A_K _A_B_A_H Black Sabbath
73%
D_E_ P_R_L_ Deep Purple
59%
B_N _O_I Bon Jovi
58%
I_O_ M_I_E_ Iron Maiden
58%
J_D_S _R_E_T Judas Priest
55%
R_S_ Rush
52%
R_L_I_G _T_N_S Rolling Stones
51%
R_I_B_W Rainbow
49%
A_R_S_I_H Aerosmith
48%
B_S_O_ Boston
47%
M_T_R_E_D Motorhead
44%
T_I_ L_Z_Y Thin Lizzy
41%
S_A_U_ Q_O Status Quo
35%
M_T_E_ C_U_ Motley Crue
34%
Q_E_N_R_C_E Queensryche
31%
T_E _E_T_E_ The Beatles
25%
T_E _O_I_E The Police
25%
T_E _C_O_P_O_S The Scorpions
22%
W_I_E_N_K_ Whitesnake
21%
B_D _E_I_I_N Bad Religion
18%
T_I_T_D _I_T_R Twisted Sister
17%
H_N_I _O_K_ Hanoi Rocks
15%
D_A_O_D _E_D Diamond Head
6%
No matching quizzes found
Score Distribution
Percent of People with Each Score
Percentile by Number Answered
Your Score History
You have not taken this quiz